000 01056nam a22001937a 4500
005 20241120133758.0
008 240531b ||||| |||| 00| 0 eng d
040 _cSSBUL
041 _aMyanmar
082 _223
_a၂၉၄.၃၇၅ ဉာ
_b၁၂၆၄၆ S-UOK
100 0 _aဉာဏ၊ အရှင်
245 1 0 _aဓမ္မရုံးတော်ဉာဏ်မဟော် /
_cအရှင်ဉာဏ၊ ကြီးကြပ်ပြင်ဆင်သူအယ်ဒီတာ ဦးထွန်းရည်။
260 _aမန္တလေး ၊
_bပိဋကတ်တော်ပြန့်ပွားရေးစာပေဋ္ဌာန၊
_c၁၉၇၃။
300 _a၁၂၃ စာမျက်နှာ ၊
_c၁၈ စင်တီ။
500 _aS-UOK: U Ohn Kyaw S-SAT: Dr. Sai Aung Tun
650 _aဗုဒ္ဓဘာသာ
_xအမေးအဖြေ။
700 0 _aထွန်းရည်၊
_cဦး၊ အယ်ဒီတာ၊ ကြီးကြပ်ပြင်ဆင်သူ-
_942471
942 _2ddc
_cBK1
999 _c35146
_d35146